| 000 | 01147nac a22003737a 4500 | ||
|---|---|---|---|
| 001 | BR8007633 | ||
| 003 | BR-BrBNA | ||
| 005 | 20240105114847.0 | ||
| 008 | 230509b bl.|||m| |||| 00| 0 por d | ||
| 040 |
_aBR-BrBNA _bpor _cBiblioteca Nacional de Agricultura |
||
| 072 | _aE70 | ||
| 090 | _aE70 BR8007633 | ||
| 110 | 1 |
_aComissao Estadual de Planejamento Agricola de Minas Gerais, Belo Horizonte (Brasil) _92031 |
|
| 245 | 1 | _aAcompanhamento conjuntural, maio de 1980 [Comissao Estadual de Planejamento Agricola de Minas Gerais] | |
| 260 | 3 |
_aBelo Horizonte, MG (Brasil): _c1980. |
|
| 300 | _a91 p. | ||
| 490 |
_aAcompanhamento Conjuntural - Comissao Estadual de Planejamento Agricola de Minas Gerais (Brazil) _vv. 2(5) _x |
||
| 650 | _aALGODAO | ||
| 650 | _aALHO | ||
| 650 | _aARROZ | ||
| 650 | _aBATATA | ||
| 650 | _aCEBOLA | ||
| 650 | _aFEIJAO | ||
| 650 | _aMANDIOCA | ||
| 650 | _aMILHO | ||
| 650 | _aSOJA | ||
| 650 | _aTOMATE | ||
| 650 | _aPRECO MEDIO | ||
| 650 | _aABASTECIMENTO | ||
| 650 | _aCOMERCIALIZACAO | ||
| 650 | _aMINAS GERAIS | ||
| 909 |
_a202312 _bLúcia Elande _c55 _dLúcia Elande |
||
| 942 |
_2AGRIS _n0 _cMS |
||
| 999 |
_c271723 _d271723 |
||